| 000 | 01105nam a22002777a 4500 | ||
|---|---|---|---|
| 005 | 20240530110425.0 | ||
| 008 | 150128s2011 ua d g b 000 0 ara d | ||
| 017 | _a2010/22418 | ||
| 020 | _a9789774381963 | ||
| 040 | _aEG-CaGPL | ||
| 041 | 0 | _aara | |
| 082 | 0 | 4 |
_221 _a070.195\ _bهـ ص |
| 100 | 0 | _aهالة اسماعيل بغدادى | |
| 245 | 1 | 2 |
_aالصحافيون التليفزيونيون الاخباريون : _bالقواعد و القيود : دراسة ميدانية مقارنة / _cهالة اسماعيل بغدادى |
| 260 |
_aالاسكندرية : _bالمكتب الجامعى الحديث ، _c2011 |
||
| 300 |
_a239 ص : _bجداول ؛ _c24 سم |
||
| 504 | _aببليوجرافية : ص 221 - 239 | ||
| 650 | 0 | 4 | _aالصحافة |
| 650 | 0 | 4 | _aقناة النيل الاخبارية |
| 650 | 0 | 4 | _aقناة الجزيرة الاخبارية |
| 650 | 0 | 4 |
_aالاعلام _xقوانين وتشريعات |
| 650 | 0 | 4 | _aالبث الفضائى |
| 650 | 0 | 4 | _aالصحافة التليفزيونية |
| 942 |
_2ddc _cBK |
||
| 999 |
_c60743 _d60743 |
||